000 00827cam a2200241 4500
999 _c37441
_d37441
001 281099
003 ARRUPE
005 20170718144422.0
008 701217m19661967nyu b 001 0 eng
010 _a 66025478
040 _aDLC
_cDLC
_dDLC
050 0 0 _aB803
_b.H324
082 0 0 _a190
100 1 _aHartman, James B.,
_ecomp.
_933244
245 1 0 _aPhilosophy of recent times,
_cedited by James B. Hartman.
260 _aNew York,
_bMcGraw-Hill
_c[1966-67]
300 _a2 v.
_c24 cm.
504 _aIncludes bibliographies.
505 0 _av. 1. Readings in nineteenth-century philosophy.--v. 2. Readings in twentieth-century philosophy.
650 0 _aPhilosophy, Modern
_y19th century.
_933245
650 0 _aPhilosophy, Modern
_y20th century.
_933246
906 _a7
_bcbc
_corignew
_du
_encip
_f19
_gy-gencatlg
942 _2lcc
_cMONOGRAPH